<?xml version="1.0" encoding="UTF-8"?>
<record
    xmlns:xsi="http://www.w3.org/2001/XMLSchema-instance"
    xsi:schemaLocation="http://www.loc.gov/MARC21/slim http://www.loc.gov/standards/marcxml/schema/MARC21slim.xsd"
    xmlns="http://www.loc.gov/MARC21/slim">

  <leader>01894nam a2200433 a 4500</leader>
  <datafield tag="999" ind1=" " ind2=" ">
    <subfield code="c">357761</subfield>
    <subfield code="d">357761</subfield>
  </datafield>
  <controlfield tag="001">270.008-SCh.it CIP ca (23104)</controlfield>
  <controlfield tag="003">CaOOAMICUS</controlfield>
  <controlfield tag="005">20180122095900.0</controlfield>
  <controlfield tag="008">070514s2007    it            001 0 ita d</controlfield>
  <datafield tag="020" ind1=" " ind2=" ">
    <subfield code="a">9788870946321</subfield>
  </datafield>
  <datafield tag="040" ind1=" " ind2=" ">
    <subfield code="a">PUG</subfield>
    <subfield code="b">ita</subfield>
    <subfield code="d">mv</subfield>
    <subfield code="c">IT-MiSPE</subfield>
  </datafield>
  <datafield tag="041" ind1="1" ind2=" ">
    <subfield code="a">ita</subfield>
    <subfield code="a">lat</subfield>
  </datafield>
  <datafield tag="084" ind1=" " ind2=" ">
    <subfield code="a">30 CT</subfield>
  </datafield>
  <datafield tag="084" ind1=" " ind2=" ">
    <subfield code="a">33 G</subfield>
  </datafield>
  <datafield tag="084" ind1=" " ind2=" ">
    <subfield code="a">61 M</subfield>
  </datafield>
  <datafield tag="100" ind1="1" ind2=" ">
    <subfield code="a">Cyprianus, Thascius Caecilius,</subfield>
    <subfield code="c">s.,</subfield>
    <subfield code="d">fl. ca.200-258.</subfield>
    <subfield code="9">56811</subfield>
  </datafield>
  <datafield tag="245" ind1="1" ind2="0">
    <subfield code="a">A Donato ;</subfield>
    <subfield code="b">e, La virt&#xF9; della pazienza (Ad Donatum ; De bono patientiae) /</subfield>
    <subfield code="c">Cipriano di Cartagine ; testo critico di CCL 3/A (M. Simonetti, C, Moreschini) ; introduzioni e note Jean Molanger ; traduzione di Attilio Carpin.</subfield>
  </datafield>
  <datafield tag="260" ind1=" " ind2=" ">
    <subfield code="a">Roma :</subfield>
    <subfield code="b">Edizioni San Clemente  ;</subfield>
    <subfield code="a">Bologna :</subfield>
    <subfield code="b">Edizioni Studio Domenicano,</subfield>
    <subfield code="c">2007.</subfield>
  </datafield>
  <datafield tag="300" ind1=" " ind2=" ">
    <subfield code="a">286 p. ;</subfield>
    <subfield code="c">22 cm</subfield>
  </datafield>
  <datafield tag="490" ind1="1" ind2=" ">
    <subfield code="a">Sources chr&#xE9;tiennes.</subfield>
    <subfield code="a">Edizione italiana ;</subfield>
    <subfield code="v">002</subfield>
  </datafield>
  <datafield tag="500" ind1=" " ind2=" ">
    <subfield code="a">Traduzione italiana con testo latino a fronte</subfield>
  </datafield>
  <datafield tag="504" ind1=" " ind2=" ">
    <subfield code="a">Bibliografia (pp. 270-280) e indice</subfield>
  </datafield>
  <datafield tag="655" ind1=" " ind2="7">
    <subfield code="a">Patrologia. Generalit&#xE0;</subfield>
    <subfield code="x">Collane - Varia.</subfield>
    <subfield code="2">local</subfield>
    <subfield code="9">56812</subfield>
  </datafield>
  <datafield tag="655" ind1=" " ind2="7">
    <subfield code="a">Patrologia latina (eccetto Augustinus, Aurelius, s.)</subfield>
    <subfield code="x">Cyprianus, Thascius Caecilius, s., fl. ca.200-258.</subfield>
    <subfield code="2">local</subfield>
    <subfield code="9">56813</subfield>
  </datafield>
  <datafield tag="655" ind1=" " ind2="7">
    <subfield code="a">Teologia morale fondamentale</subfield>
    <subfield code="x">Virt&#xF9;: generalit&#xE0; e varia.</subfield>
    <subfield code="2">local</subfield>
    <subfield code="9">56814</subfield>
  </datafield>
  <datafield tag="700" ind1="1" ind2=" ">
    <subfield code="a">Moreschini, Claudio,</subfield>
    <subfield code="d">1938-,</subfield>
    <subfield code="e">ed.</subfield>
    <subfield code="9">56815</subfield>
  </datafield>
  <datafield tag="700" ind1="1" ind2=" ">
    <subfield code="a">Molager, Jean,</subfield>
    <subfield code="e">ed.</subfield>
    <subfield code="9">56816</subfield>
  </datafield>
  <datafield tag="700" ind1="1" ind2=" ">
    <subfield code="a">Simonetti, Manlio,</subfield>
    <subfield code="d">1926-,</subfield>
    <subfield code="e">ed.</subfield>
    <subfield code="9">56817</subfield>
  </datafield>
  <datafield tag="700" ind1="1" ind2=" ">
    <subfield code="a">Carpin, Attilio,</subfield>
    <subfield code="c">o.p.,</subfield>
    <subfield code="e">tr.</subfield>
    <subfield code="9">56818</subfield>
  </datafield>
  <datafield tag="730" ind1="0" ind2="2">
    <subfield code="a">De bono patientiae.</subfield>
    <subfield code="l">Latino e italiano.</subfield>
    <subfield code="9">56819</subfield>
  </datafield>
  <datafield tag="730" ind1="0" ind2="2">
    <subfield code="a">Ad Donatum.</subfield>
    <subfield code="l">Latino e italiano.</subfield>
    <subfield code="9">56820</subfield>
  </datafield>
  <datafield tag="740" ind1="3" ind2="2">
    <subfield code="a">La virt&#xF9; della pazienza.</subfield>
  </datafield>
  <datafield tag="830" ind1=" " ind2="0">
    <subfield code="a">Sources chr&#xE9;tiennes.</subfield>
    <subfield code="p">Edizione italiana ;</subfield>
    <subfield code="v">002.</subfield>
    <subfield code="9">56821</subfield>
  </datafield>
  <datafield tag="942" ind1=" " ind2=" ">
    <subfield code="2">ddc</subfield>
    <subfield code="c">BK</subfield>
  </datafield>
  <datafield tag="990" ind1="1" ind2="0">
    <subfield code="a">90001a</subfield>
    <subfield code="b">10001acd</subfield>
  </datafield>
  <datafield tag="990" ind1="1" ind2="0">
    <subfield code="a">90002a</subfield>
    <subfield code="b">10001acd</subfield>
  </datafield>
  <datafield tag="952" ind1=" " ind2=" ">
    <subfield code="0">0</subfield>
    <subfield code="1">0</subfield>
    <subfield code="2">ddc</subfield>
    <subfield code="4">0</subfield>
    <subfield code="6">270_008000000000000_SCH_IT_CIP_CA_23104</subfield>
    <subfield code="7">1</subfield>
    <subfield code="a">CINISELLO</subfield>
    <subfield code="b">CINISELLO</subfield>
    <subfield code="d">2018-01-22</subfield>
    <subfield code="l">0</subfield>
    <subfield code="o">270.008 SCh.it CIP ca (23104)</subfield>
    <subfield code="p">9788870946321</subfield>
    <subfield code="r">2018-01-22 00:00:00</subfield>
    <subfield code="w">2018-01-22</subfield>
    <subfield code="y">BK</subfield>
  </datafield>
</record>
